<?xml version="1.0" encoding="UTF-8"?><?xml-stylesheet type="text/xsl" href="static/style.xsl"?><OAI-PMH xmlns="http://www.openarchives.org/OAI/2.0/" xmlns:xsi="http://www.w3.org/2001/XMLSchema-instance" xsi:schemaLocation="http://www.openarchives.org/OAI/2.0/ http://www.openarchives.org/OAI/2.0/OAI-PMH.xsd"><responseDate>2026-06-06T03:12:09Z</responseDate><request verb="GetRecord" identifier="oai:riuma.uma.es:10630/37416" metadataPrefix="marc">https://riuma.uma.es/rest/oai/request</request><GetRecord><record><header><identifier>oai:riuma.uma.es:10630/37416</identifier><datestamp>2026-02-03T11:37:34Z</datestamp><setSpec>com_10630_2254</setSpec><setSpec>col_10630_20092</setSpec></header><metadata><record xmlns="http://www.loc.gov/MARC21/slim" xmlns:dcterms="http://purl.org/dc/terms/" xmlns:doc="http://www.lyncode.com/xoai" xmlns:xsi="http://www.w3.org/2001/XMLSchema-instance" xsi:schemaLocation="http://www.loc.gov/MARC21/slim http://www.loc.gov/standards/marcxml/schema/MARC21slim.xsd">
   <leader>00925njm 22002777a 4500</leader>
   <datafield ind2=" " ind1=" " tag="042">
      <subfield code="a">dc</subfield>
   </datafield>
   <datafield ind2=" " ind1=" " tag="720">
      <subfield code="a">Rey-Peña, Lourdes</subfield>
      <subfield code="e">author</subfield>
   </datafield>
   <datafield ind2=" " ind1=" " tag="720">
      <subfield code="a">Neto, Félix</subfield>
      <subfield code="e">author</subfield>
   </datafield>
   <datafield ind2=" " ind1=" " tag="720">
      <subfield code="a">Extremera-Pacheco, Natalio</subfield>
      <subfield code="e">author</subfield>
   </datafield>
   <datafield ind2=" " ind1=" " tag="260">
      <subfield code="c">2025</subfield>
   </datafield>
   <datafield ind2=" " ind1=" " tag="520">
      <subfield code="a">Background/Objective: The main purpose of this study was to examine the rela-tionships among cybervictimization, maladaptive cognitive emotion regulation strategies andsomatic complaints in a 4-month follow-up study. Method: A total of 1,024 high school students(456 male and 568 female, M (SD) = 13.69 years (1.3 years), range 12---18 years, voluntarily par-ticipated in this study. Measures of cybervictimization and cognitive strategies were obtainedat Time 1. Four months later (Time 2), measures of somatic complaints were obtained. Results:Multiple mediation analyses were conducted to determine the mediating roles of maladaptivestrategies in the link between cybervictimization and somatic complaints. As expected, path-analytic results showed that cybervictimization predicted somatic symptoms. Furthermore,some maladaptive regulation strategies, namely self-blame and rumination, partially medi-ated the link between cybervictimization and somatic symptoms evaluated 4-months later.Conclusions: The findings are discussed in terms of the role that maladaptive cognitive emotionregulation strategies might play with regards to physical health in cyberbullying episodes. Ingeneral, these findings have important implications for developing an understanding about theaffective determinants of somatic health problem initiation and maintenance after a victim-ization and for developing intervention programs specifically for cybervictimized adolescents.© 2020 Published by Elsevier Espa˜na, S.L.U. on behalf of Asociaci´on Espa˜nola de Psicolog´ıa Con-ductual. This is an open access article under the CC BY-NC-ND license (http://creativecommons.org/licenses/by-nc-nd/4.0/).</subfield>
   </datafield>
   <datafield ind1="8" ind2=" " tag="024">
      <subfield code="a">https://hdl.handle.net/10630/37416</subfield>
   </datafield>
   <datafield ind1="8" ind2=" " tag="024">
      <subfield code="a">10.24310/riuma.37416</subfield>
   </datafield>
   <datafield tag="653" ind2=" " ind1=" ">
      <subfield code="a">Ciberacoso</subfield>
   </datafield>
   <datafield tag="653" ind2=" " ind1=" ">
      <subfield code="a">Madurez afectiva</subfield>
   </datafield>
   <datafield tag="653" ind2=" " ind1=" ">
      <subfield code="a">Internet y jóvenes</subfield>
   </datafield>
   <datafield ind2="0" ind1="0" tag="245">
      <subfield code="a">Dataset Cybervictimization:somatic complaints.</subfield>
   </datafield>
</record>
</metadata></record></GetRecord></OAI-PMH>